Generation of dual pulses of the runaway electron beam current during the subnanosecond breakdown of atomic and molecular gases; Technical Physics; Vol. 61, iss. 10
| Parent link: | Technical Physics: Scientific Journal.— , 1931- Vol. 61, iss. 10.— 2016.— [P. 1551–1560] |
|---|---|
| Autor principal: | |
| Autor Corporativo: | |
| Outros Autores: | , |
| Resumo: | Title screen With a diaphragm placed behind the anode foil, dual runaway electron beams have been provided in helium, hydrogen, nitrogen, and air under a pressure of several torrs to several dozen torrs and a high-voltage pulse amplitude of about 250 kV. These beams consist of two pulses with commensurable amplitudes with a time interval between them of several dozen picoseconds to several hundred picoseconds. It has been shown that the breakdown of the interelectrode gap at pressures from several torrs to several dozen torrs may occur in different regimes and dual pulses of the electron beam current are registered when the initial current through the gap is below 1 kA. It has been found that a supershort avalanche electron beam that consists of one pulse is generated when the delay of breakdown equals several hundred picoseconds. It has been shown that, when the gas pressure reaches several hundred Torr, including atmospheric pressure, the runaway electrons are detected behind the foil after the termination of the supershort avalanche electron beam pulse. Режим доступа: по договору с организацией-держателем ресурса |
| Idioma: | inglês |
| Publicado em: |
2016
|
| Assuntos: | |
| Acesso em linha: | http://dx.doi.org/10.1134/S106378421610025X |
| Formato: | Recurso Electrónico Capítulo de Livro |
| KOHA link: | https://koha.lib.tpu.ru/cgi-bin/koha/opac-detail.pl?biblionumber=655617 |
MARC
| LEADER | 00000naa0a2200000 4500 | ||
|---|---|---|---|
| 001 | 655617 | ||
| 005 | 20250321162409.0 | ||
| 035 | |a (RuTPU)RU\TPU\network\21876 | ||
| 090 | |a 655617 | ||
| 100 | |a 20170919d2016 k||y0rusy50 ba | ||
| 101 | 0 | |a eng | |
| 135 | |a drcn ---uucaa | ||
| 181 | 0 | |a i | |
| 182 | 0 | |a b | |
| 200 | 1 | |a Generation of dual pulses of the runaway electron beam current during the subnanosecond breakdown of atomic and molecular gases |f V. F. Tarasenko, D. A. Sorokin, M. I. Lomaev | |
| 203 | |a Text |c electronic | ||
| 300 | |a Title screen | ||
| 320 | |a [References: p. 1560 (25 tit.)] | ||
| 330 | |a With a diaphragm placed behind the anode foil, dual runaway electron beams have been provided in helium, hydrogen, nitrogen, and air under a pressure of several torrs to several dozen torrs and a high-voltage pulse amplitude of about 250 kV. These beams consist of two pulses with commensurable amplitudes with a time interval between them of several dozen picoseconds to several hundred picoseconds. It has been shown that the breakdown of the interelectrode gap at pressures from several torrs to several dozen torrs may occur in different regimes and dual pulses of the electron beam current are registered when the initial current through the gap is below 1 kA. It has been found that a supershort avalanche electron beam that consists of one pulse is generated when the delay of breakdown equals several hundred picoseconds. It has been shown that, when the gas pressure reaches several hundred Torr, including atmospheric pressure, the runaway electrons are detected behind the foil after the termination of the supershort avalanche electron beam pulse. | ||
| 333 | |a Режим доступа: по договору с организацией-держателем ресурса | ||
| 461 | |t Technical Physics |o Scientific Journal |d 1931- | ||
| 463 | |t Vol. 61, iss. 10 |v [P. 1551–1560] |d 2016 | ||
| 610 | 1 | |a электронный ресурс | |
| 610 | 1 | |a труды учёных ТПУ | |
| 610 | 1 | |a убегающие электроны | |
| 610 | 1 | |a субнаносекундные пробои | |
| 610 | 1 | |a молекулярные газы | |
| 610 | 1 | |a атомные газы | |
| 700 | 1 | |a Tarasenko |b V. F. |c physicist |c Professor of Tomsk Polytechnic University, Doctor of physical and mathematical sciences |f 1946- |g Victor Fedotovich |3 (RuTPU)RU\TPU\pers\32090 | |
| 701 | 1 | |a Sorokin |b D. A. |g Dmitry Aleksandrovich | |
| 701 | 1 | |a Lomaev |b M. I. |g Mikhail Ivanovich | |
| 712 | 0 | 2 | |a Национальный исследовательский Томский политехнический университет (ТПУ) |b Институт неразрушающего контроля (ИНК) |b Кафедра промышленной и медицинской электроники (ПМЭ) |3 (RuTPU)RU\TPU\col\18719 |
| 801 | 2 | |a RU |b 63413507 |c 20170919 |g RCR | |
| 856 | 4 | |u http://dx.doi.org/10.1134/S106378421610025X | |
| 942 | |c CF | ||